My "g" book / (Record no. 7739)

MARC details
000 -LEADER
fixed length control field 00836nam a22002657a 4500
001 - CONTROL NUMBER
control field 7739
003 - CONTROL NUMBER IDENTIFIER
control field FISKH
005 - DATE AND TIME OF LATEST TRANSACTION
control field 20250801150928.0
008 - FIXED-LENGTH DATA ELEMENTS--GENERAL INFORMATION
fixed length control field 250801b cb ||||| |||| 00| 0 eng d
040 ## - CATALOGING SOURCE
Original cataloging agency FISKH
Language of cataloging eng
Transcribing agency FISKH
Modifying agency FISKH
050 ## - LIBRARY OF CONGRESS CALL NUMBER
Classification number PZ7.M739 M
082 ## - DEWEY DECIMAL CLASSIFICATION NUMBER
Classification number 371.9
100 ## - MAIN ENTRY--PERSONAL NAME
Personal name Moncure, Jane Belk
245 ## - TITLE STATEMENT
Title My "g" book /
Statement of responsibility, etc. by Jane Belk Moncure ; illustrated by Linda Hohag
260 ## - PUBLICATION, DISTRIBUTION, ETC.
Place of publication, distribution, etc. Illinois :
Name of publisher, distributor, etc. The child world,
Date of publication, distribution, etc. 1984.
300 ## - PHYSICAL DESCRIPTION
Extent 31 pages :
Other physical details color illustrations ;
Dimensions 20 x 24 cm
490 ## - SERIES STATEMENT
Series statement My First Steps to Reading
505 ## - FORMATTED CONTENTS NOTE
Formatted contents note E<br/>
520 ## - SUMMARY, ETC.
Summary, etc. Little g goes into the garden and finds many things that begin with hard "g" to put in her box.
521 8# - TARGET AUDIENCE NOTE
Target audience note 160<br/>
Source Lexile estimate<br/>
521 8# - TARGET AUDIENCE NOTE
Target audience note E<br/>
Source Raz-Plus<br/>
650 ## - SUBJECT ADDED ENTRY--TOPICAL TERM
Topical term or geographic name entry element Alphabet
Form subdivision Phonics
General subdivision Sight Word
942 ## - ADDED ENTRY ELEMENTS (KOHA)
Source of classification or shelving scheme Dewey Decimal Classification
Koha item type Books
Suppress in OPAC No
Holdings
Withdrawn status Lost status Source of classification or shelving scheme Damaged status Not for loan Collection Home library Current library Shelving location Date acquired Total Checkouts Full call number Barcode Date last seen Copy number Price effective from Koha item type
    Dewey Decimal Classification     Juvenile Fiction Footprints International School Library Network Toul Kork Campus Footprints International School Library Network Toul Kork Campus TK Primary Library Room(4th Floor), Bookcase 7, Shelves 57-60, Dark Green Books 08/01/2025   MON 371.9 PZ7.M739 M FISBK00499 08/01/2025 1 08/01/2025 Books